000 00345 a2200157 4500
001 72010
020 _a8534304378
040 _cAnchieta - Colégio São Paulo
100 _aRennó, Regina
240 1 0 _aAmor de ganso
_lpor
245 1 0 _aAmor de ganso
300 _a22
362 0 _a1995
650 4 _aLiteratura infanto-juvenil
942 _cBK
999 _c72010
_d72010